[Event "GER-chT Federal Cup (Women)"]
[Site "Braunfels"]
[Date "2022.06.19"]
[Round "5.16"]
[White "Engel, Esther"]
[Black "Roesler, Hannah Clara"]
[Result "1/2-1/2"]
[WhiteElo "1751"]
[BlackElo "1718"]
[PlyCount "45"]
[EventDate "2022.06.15"]
[EventType "team-swiss"]
[EventRounds "5"]
[EventCountry "GER"]
[SourceTitle "EXT 2023"]
[Source "ChessBase"]
[SourceDate "2022.10.05"]
[SourceVersion "1"]
[SourceVersionDate "2022.10.05"]
[SourceQuality "1"]

1. d4 Nf6 2. c4 c5 3. d5 b5 4. cxb5 a6 5. b6 Qxb6 6. Nc3 d6 7. e4 g6 8. a4 Bg7 9. a5 Qd8 10. f4 0-0 11. Nf3 Bg4 12. Be2 Bxf3 13. Bxf3 Nbd7 14. 0-0 Ne8 15. Kh1 Rb8 16. Be2 Nc7 17. Bc4 Nb5 18. Qd3 Nd4 19. Ne2 Nb5 20. Nc3 Nd4 21. Ne2 Nb5 22. Nc3 Nd4 23. Ne2 1/2-1/2

[Event "GER-chT Federal Cup (Women)"]
[Site "Braunfels"]
[Date "2022.06.17"]
[Round "2.8"]
[White "Engel, Esther"]
[Black "Sereda, Yaroslava"]
[Result "0-1"]
[WhiteElo "1751"]
[BlackElo "1698"]
[PlyCount "122"]
[EventDate "2022.06.15"]
[EventType "team-swiss"]
[EventRounds "5"]
[EventCountry "GER"]
[SourceTitle "EXT 2023"]
[Source "ChessBase"]
[SourceDate "2022.10.05"]
[SourceVersion "1"]
[SourceVersionDate "2022.10.05"]
[SourceQuality "1"]

1. d4 d5 2. c4 e6 3. Nc3 Nf6 4. Nf3 Be7 5. Bg5 0-0 6. e3 h6 7. Bh4 b6 8. Bd3 dxc4 9. Bxc4 Bb7 10. 0-0 Nbd7 11. Rc1 Ne4 12. Bxe7 Qxe7 13. Nxe4 Bxe4 14. Qe2 c5 15. Rfd1 cxd4 16. Nxd4 Ne5 17. f3 Nxc4 18. Qxc4 Bd5 19. Qa6 Bb7 20. Qe2 Rac8 21. e4 Rfd8 22. Rxc8 Rxc8 23. Nb3 Rc7 24. Qd2 Ba6 25. Qd6 Qxd6 26. Rxd6 Bc4 27. Rd2 Bxb3 28. axb3 Kh7 29. Kf2 Kg6 30. Ke3 Kf6 31. f4 g5 32. g3 Rc5 33. Kd4 a5 34. Ke3 gxf4+ 35. gxf4 Rb5 36. Rd3 Rh5 37. Rd2 Rh3+ 38. Kd4 Rxb3 39. Rf2 Rb4+ 40. Ke3 b5 41. Kd3 a4 42. Ke3 Rb3+ 43. Kd4 b4 44. Kc4 h5 45. Kd4 a3 46. bxa3 bxa3 47. Ra2 h4 48. Kc4 Rf3 49. Kd4 Rxf4 50. Rxa3 Rf2 51. Rh3 Kg5 52. Rc3 Rxh2 53. Rc8 Rh1 54. Ke5 h3 55. Rg8+ Kh4 56. Rh8+ Kg3 57. Rg8+ Kh2 58. Kf4 Rg1 59. Rh8 Rg3 60. Rh5 Kg2 61. Rh8 h2 0-1